Income Tax Practice &Procedure (Record no. 369065)
[ view plain ]
| 000 -LEADER | |
|---|---|
| fixed length control field | 00365nam a22001457a 4500 |
| 005 - DATE AND TIME OF LATEST TRANSACTION | |
| control field | 20251104114738.0 |
| 008 - FIXED-LENGTH DATA ELEMENTS--GENERAL INFORMATION | |
| fixed length control field | 251104b |||||||| |||| 00| 0 eng d |
| 041 ## - LANGUAGE CODE | |
| Language code of text/sound track or separate title | eng |
| 100 ## - MAIN ENTRY--PERSONAL NAME | |
| Author | Wakale L. P. |
| 245 ## - TITLE STATEMENT | |
| Title | Income Tax Practice &Procedure |
| 250 ## - EDITION STATEMENT | |
| Edition statement | 22nd Rev. |
| 260 ## - PUBLICATION, DISTRIBUTION, ETC. | |
| Place of publication, distribution, etc. | Sangamner |
| Name of publisher, distributor, etc. | Gayatri Prakashan |
| Date of publication, distribution, etc. | 2025-26 |
| 300 ## - PHYSICAL DESCRIPTION | |
| Extent | 309 P |
| 942 ## - ADDED ENTRY ELEMENTS (KOHA) | |
| Koha item type | Books |
| Withdrawn status | Lost status | Source of classification or shelving scheme | Damaged status | Not for loan | Collection code | Home library | Current library | Date acquired | Bill number | Total Checkouts | Barcode | Date last seen | Date last checked out | Bill Date | Koha item type | Original Barcode |
|---|---|---|---|---|---|---|---|---|---|---|---|---|---|---|---|---|
| Dewey Decimal Classification | BCOM | College Of Computer Application For Women , Satara | College Of Computer Application For Women , Satara | 03/11/2025 | 21438 | 1 | BCAS-C-927 | 20/03/2026 | 03/12/2025 | 27/10/2025 | Books | C00927 |